书目信息 |
| 题名: |
历代笔记选析
|
|
| 作者: | 黄飙 注析 | |
| 分册: | ||
| 出版信息: | 福州 海峡文艺出版社 2015 |
|
| 页数: | 192页 | |
| 开本: | 24cm | |
| 丛书名: | 中国古典文学基础丛书 | |
| 单 册: | ||
| 中图分类: | Z429.2 | |
| 科图分类: | ||
| 主题词: | 笔记--中国--古代--选集 | |
| 电子资源: | ||
| ISBN: | 978-7-5550-0607-7 | |
| 000 | 00839oam2 2200253 450 | |
| 001 | 012001000698 | |
| 005 | 20140920091302.0 | |
| 010 | @a978-7-5550-0607-7@dCNY25.00 | |
| 100 | @a20151210d2015 em y0chiy50 ea | |
| 101 | 0 | @achi |
| 102 | @aCN@b350000 | |
| 105 | @ay z 000yd | |
| 106 | @ar | |
| 200 | 1 | @a历代笔记选析@9Li Dai Bi Ji Xuan Xi@b专著@f黄飙注析 |
| 210 | @a福州@c海峡文艺出版社@d2015 | |
| 215 | @a192页@d24cm | |
| 225 | 2 | @a中国古典文学基础丛书@f黄拔荆主编 |
| 330 | @a本书内容包括:晋·干宝《搜神记》、南朝·宋·刘敬叔《异苑》、南朝·宋·刘义庆《世说新语》、隋·侯白《启颜录》、唐·张固《幽闲鼓吹》等。 | |
| 461 | 0 | @12001 @a中国古典文学基础丛书 |
| 606 | 0 | @a笔记@y中国@z古代@j选集 |
| 690 | @aZ429.2@v5 | |
| 701 | 0 | @a黄飙@9Huang Biao@4注析 |
| 801 | 0 | @aCN@b上海新华@c20180901 |
| 905 | @b1151042-46@dZ429.2@e74@f5 | |
| 历代笔记选析/黄飙注析.-福州:海峡文艺出版社,2015 |
| 192页;24cm.-(中国古典文学基础丛书/黄拔荆主编) |
| ISBN 978-7-5550-0607-7:CNY25.00 |
| 本书内容包括:晋·干宝《搜神记》、南朝·宋·刘敬叔《异苑》、南朝·宋·刘义庆《世说新语》、隋·侯白《启颜录》、唐·张固《幽闲鼓吹》等。 |
| ● |
| 相关链接 |
|
|
|
|
正题名:历代笔记选析
索取号:Z429.2/74
 
预约/预借
| 序号 | 登录号 | 条形码 | 馆藏地/架位号 | 状态 | 备注 |
| 1 | 1151042 | 211510426 | 第二样本阅览室/ [索取号:Z429.2/74] | 在馆 | |
| 2 | 1151043 | 211510435 | 第三借阅区/ [索取号:Z429.2/74] | 在馆 | |
| 3 | 1151044 | 211510444 | 密集书库-文学院/ [索取号:Z429.2/74] | 在馆 | |
| 4 | 1151045 | 211510453 | 第三借阅区/ [索取号:Z429.2/74] | 在馆 | |
| 5 | 1151046 | 211510462 | 第三借阅区/ [索取号:Z429.2/74] | 在馆 |